Biggest skylines in Canada - Statistics

General Stats
  • This quiz has been taken 44 times
  • The average score is 11 of 15
Answer Stats
Answer % Correct
Calgary
100%
Edmonton
100%
Toronto
100%
Vancouver
100%
Montreal
97%
Ottawa
89%
Winnipeg
86%
Halifax
84%
Quebec City
81%
London
76%
Hamilton
57%
Kitchener
32%
Moncton
27%
Sherbrooke
22%
Gatineau
19%
No matching quizzes found
Score Distribution
Percent of People with Each Score
Percentile by Number Answered
Your Score History
You have not taken this quiz